000 01280nam a22003733i 4500
001 1417810
003 CZ PrSKC
005 20260415093338.0
007 ta
008 260317s2026 xr a e 000 0 cze d
020 _a9788076883543
040 _aCBA001
_bcze
_erda
072 7 _a811.111
_xAngličtina
_2Konspekt
072 7 _a0/9-053.2
_xLiteratura pro děti a mládež (naučná)
_2Konspekt
080 _a811.111
_2MRF
080 _a(0.025.2)
_2MRF
080 _a(02)004.031.42
_2MRF
080 _a(0.053.2)
_2MRF
100 1 _aParkanová, Šárka,
_d1991-
_4aut
_917385
245 1 0 _aMy First Book of English 3 :
_binteraktivní mluvicí kniha /
_cnámět, obsah a texty: Šárka Parkanová ; ilustrace: Gabriela Hloz
250 _a1. vydání
264 1 _aPraha :
_bAlbi,
_c2026
300 _a16 nečíslovaných stran :
_bbarevné ilustrace ;
_c23 cm
500 _aKartonové listy
500 _aFunguje pouze s elektronickou Albi tužkou, která není součástí publikace
650 0 7 _aangličtina
_2czenas
_91315
655 7 _ainteraktivní mluvící knihy
_99294
655 7 _aleporela
_9906
655 7 _apublikace pro děti
700 1 _aHloz, Gabriela,
_d1992-
_4ill
_916982
710 2 _aAlbi (firma)
_4pbl
_913389
910 _aABG508
999 _c34173
_d34173